000 00626nam a2200205Ia 4500
005 20250508161656.0
008 008 250505s9999 xx 000 0 eng d
037 _aTextual
040 _aFEDL
_beng
_cFEDL
041 _aeng
_2eng
084 _a301.36, SCH
_qFEDL
100 _aSchueler Nancy O'Brien
_9771296
245 0 _aCity is my home books : Cityfun my own city fun book city people
260 _aNew York, USA
_bThe John Day Company
_c1966
300 _a69p.
650 _aSociology
700 _a Feldstein Mark Becker Stanley
_9771297
942 _cTEXL
_h301.36, SCH
999 _c1371493
_d1371493